| 000 | 00464nam a22001697a 4500 | ||
|---|---|---|---|
| 005 | 20180901143850.0 | ||
| 010 | _aB-079246 | ||
| 020 | _a9171981550 | ||
| 035 | _aB-079246 | ||
| 037 | _bK.L. Malik & Sons Pvt. Ltd. | ||
| 082 | _a657.48 | ||
| 100 | _aMongra, J.R. | ||
| 245 |
_aAdvanced financial accounting _cJ.R. Monga |
||
| 260 |
_aNew Delhi _bK.L. Malik & Sons Pvt. Ltd. |
||
| 300 |
_a1696p. _c23cm(pbk) |
||
| 942 |
_2ddc _cEN _h657.48 _mMON |
||
| 999 |
_c156841 _d156841 |
||